000
00251nam a22001217a 4500
003
OSt
008
250106b |||||||| |||| 00| 0 eng d
041
_a
eng
100
_a
Kiran
_9
6792
245
_a
Clark's Table
260
_a
Calicut:
_b
TBS
942
_c
BK
999
_c
18957
_d
18957